[Event "Bresso op 5th"]
[Site "Bresso"]
[Date "2006.06.15"]
[Round "1"]
[White "Bozzali, Ermanno"]
[Black "Zucchi, Oreste"]
[Result "1-0"]
[WhiteElo "2089"]
[BlackElo "1550"]
[PlyCount "41"]
[EventDate "2006.06.15"]
[EventType "swiss"]
[EventRounds "6"]
[EventCountry "ITA"]
[SourceTitle "CBM 112 Extra"]
[Source "ChessBase"]
[SourceDate "2006.07.14"]
[SourceVersion "1"]
[SourceVersionDate "2006.07.14"]
[SourceQuality "1"]

1. Nf3 d5 2. d4 e6 3. c4 Nf6 4. cxd5 exd5 5. Nc3 Bb4 6. Bg5 0-0 7. e3 c6 8. Bd3 Bg4 9. Qc2 Bxf3 10. gxf3 h6 11. h4 Be7 12. 0-0-0 Nbd7 13. Rdg1 Kh8 14. Kb1 Rg8 15. Qd2 Qf8 16. e4 dxe4 17. fxe4 hxg5 18. hxg5+ Nh7 19. Rxh7+ Kxh7 20. g6+ fxg6 21. Rh1+ 1-0